000 00507nam a22002177a 4500
003 OSt
008 250423b |||||||| |||| 00| 0 eng d
020 _a9789354644078
082 _a330 BEE
100 _aBESANKO,David
245 _aEconomics of Strategy
250 _a7th Ed
260 _aNew Delhi
_bWiley
_c2025
300 _a611
650 _aEconomics of Strategy
700 _aDRANOVE,David
700 _aSHANLEY,Mark
700 _aSCHAEFER,Scott
700 _aRAMESHAN,P
942 _2ddc
_cBK
999 _c13394
_d13394